000 00662nam a2200241 a 4500
005 20140310183446.0
008 081002s19uu xx 00 eng d
020 _a9780137126712
050 _aLB 3051
_b.L545 2009
100 _aMiller, David M.
245 _aMeasurement and assessment in teaching.
250 _a10th ed.
260 _aU.S.A :
_bPearson Education International,
_c2009.
300 _a551 p.:
_bill.;
_c26 cm.
521 _aEDU
650 _aBEE Sped.
650 _aEducational tests and measurements.
700 _aLinn, Robert L.
700 _aGronlund, Norman E.
942 _cBK
_2lcc
_kFOR
999 _c23239
_d23239